Uplatňovanie výdavkového a dlhového pravidla v rámci SGP
Krízový vývoj a fiškálna konsolidácia v eurozóne. Vývoj deficitu v období 2007-2016 u vybraných štátov eurozóny. Vývoj verejného dlhu v období 2007-2016 u vybraných štátov eurozóny. Matica na základe produkčnej medzery. Výdavkové pravidlo (expenditure benchmark). Nedostatky rámca SGP (Pakt stability...
Salvato in:
| Autore principale: | |
|---|---|
| Natura: | Capitolo di libro |
| Lingua: | slovacco |
| Soggetti: | |
| Tags: |
Nessun Tag, puoi essere il primo ad aggiungerne!!
|
MARC
| LEADER | 00000nla a2200000 4500 | ||
|---|---|---|---|
| 001 | 0236309 | ||
| 005 | 20240502073825.5 | ||
| 041 | 0 | |a slo | |
| 044 | |a SK | ||
| 245 | 1 | 0 | |a Uplatňovanie výdavkového a dlhového pravidla v rámci SGP |c Michal Držka |
| 520 | |a Krízový vývoj a fiškálna konsolidácia v eurozóne. Vývoj deficitu v období 2007-2016 u vybraných štátov eurozóny. Vývoj verejného dlhu v období 2007-2016 u vybraných štátov eurozóny. Matica na základe produkčnej medzery. Výdavkové pravidlo (expenditure benchmark). Nedostatky rámca SGP (Pakt stability a rastu). | ||
| 610 | 2 | 0 | |a politika fiškálna |
| 610 | 2 | 0 | |a financie verejné |
| 610 | 2 | 0 | |a dlhy verejné |
| 610 | 2 | 0 | |a deficit |
| 610 | 2 | 0 | |a konsolidácia |
| 610 | 2 | 0 | |a eurozóna |
| 100 | 1 | |a Držka, Michal, 1989- | |